000 01384cam a22003014a 4500
001 43411483
003 OCoLC
005 20250623140917.0
008 000128s2000 ilu b 001 0 eng
010 _a00021471
020 _a0830822283 (pbk. : alk. paper)
020 _a0851115241 (UK)
040 _aDLC
_cDLC
_dEXN
042 _apcc
049 _aEXNs
100 1 _aGroothuis, Douglas R.,
_d1957-
245 1 0 _aTruth decay :
_bdefending Christianity against the challenges of postmodernism /
_cDouglas Groothuis.
260 _aDowners Grove, Ill. :
_bInterVarsity Press,
_cc2000.
300 _a303 p. ;
_c21 cm.
336 _atext
337 _aunmediated
338 _avolume
504 _aIncludes bibliographical references and indexes.
505 0 _aIntroduction : the problem of truth & integrity Truth in jeopardy From modernism to postmodernism The biblical view of truth The truth about truth The postmodernist challenge to theology Postmodernism & apologetics : dangers to avoid Apologetics for postmoderns Ethics without reality, postmodernist style Race, gender & postmodernism True beauty : the challenge to postmodernism The fixed point in a postmodern world Appendix : Television : agent of truth decay
650 0 _aTruth
_xReligious aspects
_xChristianity.
650 0 _aPostmodernism
_xReligious aspects
_xChristianity.
942 _2lcc
_cBK
999 _c54037
_d54037